• 首页
  • 本馆介绍
  • 公告通知
  • 最新文献
  • 馆藏检索
  • 电子资源
  • 读者导购
  • 参考咨询
  • 我的图书馆
  • 登录
  • 详细信息显示
  • 放入我的书架
  • 预约/预借图书
  • 作者相关作品
  • 分类相关作品
  • 丛书相关作品
  • 出版社相关作品

书目信息

  • 表格格式
  • 工作单格式
  • 卡片格式
题名:
学前教育史
    
 
作者: 刘艳珍 , 于淑贞 , 韩吟 主编
分册:  
出版信息: 北京   科学出版社  2011
页数: 205页
开本: 26cm
丛书名:
单 册:
中图分类: G619.1
科图分类:
主题词: 学前教育--教育史--世界--高等教育--自学参考资料 , 学前教育 , 教育史
电子资源:
ISBN: 978-7-03-031908-1
000 01036nam0 2200289 45
001 1338863031
005 20130513173845.18
010    @a978-7-03-031908-1@dCNY21.00
100    @a20130108d2011 em y0chiy50 ea
101 0  @achi
102    @aCN@b110000
105    @ay z 000yy
106    @ar
200 1  @a学前教育史@AXue Qian Jiao Yu Shi@f刘艳珍,于淑贞,韩吟主编@FLiu Yan Zhen, Yu Shu Zhen, Han Yin Zhu Bian
210    @a北京@c科学出版社@d2011
215    @a205页@d26cm
300    @a高等教育自学考试学前教育专业课程辅导用书
330    @a本书是全国高等教育自学考试学前教育专业的辅导用书,主要内容包括各章节的学习要求、学习目标、重点、难点、课程内容、考核点、复习题、模拟仿真题及参考答案。
606 0  @a学前教育@x教育史@y世界@x高等教育@j自学参考资料
606 0  @a学前教育
606 0  @a教育史
690    @aG619.1@v5
701  0 @a刘艳珍@ALiu Yan Zhen@c(女,@4主编
701  0 @a于淑贞@AYu Shu Zhen@c(女)@4主编
701  0 @a韩吟@AHan Yin@4主编
801    @aCN@bTANGWEI@c20130108
905    @b0828831-35@dG619.1@e219@f5
    
    学前教育史/刘艳珍,于淑贞,韩吟主编.-北京:科学出版社,2011
    205页;26cm
    高等教育自学考试学前教育专业课程辅导用书
    
    ISBN 978-7-03-031908-1:CNY21.00
    本书是全国高等教育自学考试学前教育专业的辅导用书,主要内容包括各章节的学习要求、学习目标、重点、难点、课程内容、考核点、复习题、模拟仿真题及参考答案。
●
相关链接 在E读中查询图书 在五车中查询图书 在当当中查询图书 在豆瓣中查询图书


正题名:学前教育史     索取号:G619.1/219         预约/预借

序号 登录号 条形码 馆藏地/架位号 状态 备注
1 0828831   208288315   第一样本阅览室/ [索取号:G619.1/219] 在馆    
2 0828832   208288324   教育系资料室/ [索取号:G619.1/219] 在馆    
3 0828833   208288333   教育系资料室/ [索取号:G619.1/219] 在馆    
4 0828834   208288342   第四借阅区/ [索取号:G619.1/219] 在馆    
5 0828835   208288351   第四借阅区/ [索取号:G619.1/219] 在馆    
唐山师范学院图书馆 欢迎您!
大连网信软件有限公司© 版权所有